<?xml version="1.0" encoding="UTF-8"?>
<marc:record xmlns:marc="http://www.loc.gov/MARC21/slim">
   <marc:leader>00000nam a2200000 a 4500</marc:leader>
   <marc:datafield ind1="1" ind2=" " tag="100">
      <marc:subfield code="a">Prisor, Lucas</marc:subfield>
   </marc:datafield>
   <marc:datafield ind1="1" ind2=" " tag="100">
      <marc:subfield code="a">Rampling, Charlotte</marc:subfield>
   </marc:datafield>
   <marc:datafield ind1="1" ind2=" " tag="100">
      <marc:subfield code="a">Vacth, Marine</marc:subfield>
   </marc:datafield>
   <marc:datafield ind1="1" ind2=" " tag="100">
      <marc:subfield code="a">Ozon, François</marc:subfield>
   </marc:datafield>
   <marc:datafield ind1="0" ind2="0" tag="245">
      <marc:subfield code="a">Jung &amp; schön [Bildtonträger]</marc:subfield>
   </marc:datafield>
   <marc:datafield ind1="0" ind2="0" tag="245">
      <marc:subfield code="c">ein Film von François Ozon. Mit Marine Vacth, Charlotte Rampling, Lucas Prisor ...</marc:subfield>
   </marc:datafield>
   <marc:datafield ind1=" " ind2="1" tag="264">
      <marc:subfield code="b">STUDIOCANAL</marc:subfield>
      <marc:subfield code="c">2015</marc:subfield>
   </marc:datafield>
   <marc:datafield ind1="1" ind2=" " tag="490">
      <marc:subfield code="a">Arthaus</marc:subfield>
   </marc:datafield>
   <marc:datafield ind1="1" ind2=" " tag="520">
      <marc:subfield code="a">Isabelle ist 17, wohnt mit ihrer Familie in Paris, besucht das Gymnasium - und führt ein Doppelleben: Sie geht mit gutbetuchten Männern ins Bett, lässt sich dafür bezahlen. Das Geld hat sie weder nötig noch interessiert sie sich dafür. Niemand aus ihrem Umfeld ahnt etwas. Doch dann fliegt Isabelles Geheimnis durch einen unvorhersehbaren Zwischenfall auf und ihre Mutter fällt aus allen Wolken...</marc:subfield>
   </marc:datafield>
   <marc:datafield ind1=" " ind2=" " tag="020">
      <marc:subfield code="a">4006680070872</marc:subfield>
      <marc:subfield code="9">4006680070872</marc:subfield>
   </marc:datafield>
   <marc:datafield ind1=" " ind2=" " tag="500">
      <marc:subfield code="a">Orig. : Frankreich 2013. Sprache: Deutsch (Dolby Digital 5.1), Deutsch (DD Stereo), Französisch (Dolby Digital 5.1). Untertitel: Deutsch</marc:subfield>
   </marc:datafield>
   <marc:datafield ind1="0" ind2=" " tag="490">
      <marc:subfield code="v">0</marc:subfield>
   </marc:datafield>
   <marc:datafield ind1=" " ind2=" " tag="300">
      <marc:subfield code="a">1 DVD (89 Min.) : farbig</marc:subfield>
   </marc:datafield>
</marc:record>
